|
|
|
|
| LEADER |
01253nam a2200277 a 4500 |
| 001 |
8861231 |
| 008 |
100922r19971955nyua b 000 0 eng d |
| 010 |
|
|
|a 55008696
|
| 020 |
|
|
|a 8120302990
|
| 040 |
|
|
|a DLC
|c TxCM
|d OCoLC
|d CChiS
|d Uk
|d DLC
|d DB-DhAAL
|
| 082 |
|
|
|a 537.5
|
| 100 |
1 |
|
|a Ryder, John Douglas,
|d 1907-
|
| 245 |
1 |
0 |
|a Networks, lines, and fields /
|c John Douglas Ryder
|
| 250 |
|
|
|a 2d ed.
|
| 260 |
|
|
|a New York ;
|a New Delhi :
|b Prentice-Hall,
|c 1955.[reprinted 1997]
|
| 300 |
|
|
|a 593 p.
|b illus.
|c 22 cm.
|
| 490 |
0 |
|
|a Prentice-Hall electrical engineering series
|
| 504 |
|
|
|a Bibliographies.
|
| 541 |
1 |
|
|e 00006806
|
| 650 |
|
0 |
|a Electric circuits.
|
| 650 |
|
0 |
|a Wave guides.
|
| 852 |
4 |
|
|a Ayesha Abed Library
|j General Shelf.
|
| 999 |
|
|
|c 9511
|d 9511
|
| 952 |
|
|
|0 0
|1 0
|2 ddc
|4 0
|6 537_500000000000000_RYD_1997
|7 0
|9 11947
|a BRACUL
|b BRACUL
|c GEN
|d 2010-09-22
|l 0
|o 537.5 RYD
|p 3010006806
|r 2010-09-22
|t 1
|w 2010-09-22
|y BK
|
| 952 |
|
|
|0 0
|1 0
|2 ddc
|4 0
|6 537_500000000000000_RYD_1997
|7 0
|9 11961
|a BRACUL
|b BRACUL
|c GEN
|d 2010-09-22
|l 0
|o 537.5 RYD
|p 3010006807
|r 2010-09-22
|t 2
|w 2010-09-22
|y BK
|
| 952 |
|
|
|0 0
|1 0
|2 ddc
|4 0
|6 537_500000000000000_RYD
|7 0
|9 22925
|a BRACUL
|b BRACUL
|c GEN
|d 2013-07-19
|l 0
|o 537.5 RYD
|p 3010012279
|r 2013-07-19
|t 3
|w 2013-07-19
|y BK
|x Price not available in Register
|